| Поле | Название | Значение |
| |
Тип записи |
a |
| |
Библиографический уровень |
m |
| 001 |
Контрольный номер |
RU\infra-m\znanium\bibl\2171012 |
| 005 |
Дата корректировки |
20260429142125.3 |
| 008 |
Кодируемые данные |
240902s2024 RU g rus u |
| 020 |
Индекс ISBN |
__ |
| a |
ISBN |
978-5-9729-1795-2 |
| 040 |
Источник каталогиз. |
__ |
| a |
Служба первич. каталог. |
Общество с ограниченной ответственностью «ЗНАНИУМ» |
| 041 |
Код языка издания |
__ |
| a |
Код языка текста |
rus |
| 044 |
Код страны публикации |
__ |
| a |
Код страны публикации |
RU |
| 080 |
Индекс УДК |
__ |
| a |
Индекс УДК |
72 |
| 084 |
Индекс другой классификации/Индекс ББК |
__ |
| 2 |
Источник индекса |
rubbk |
| a |
Индекс другой классификации/Индекс ББК |
8511 |
| 084 |
Индекс другой классификации/Индекс ББК |
__ |
| 2 |
Источник индекса |
okso |
| a |
Индекс другой классификации/Индекс ББК |
07.04.01 |
| 100 |
Автор |
__ |
| a |
Автор |
Зиятдинов З.З. |
| q |
Полное имя |
Зиятдинов Зуфар Закиевич |
| u |
Дополнение |
Пензенский государственный университет архитектуры и строительства |
| 245 |
Заглавие |
__ |
| a |
Заглавие |
Архитектура зданий |
| b |
Продолж. заглавия |
Учебное пособие |
| c |
Ответственность |
Пензенский государственный университет архитектуры и строительства |
| 260 |
Выходные данные |
__ |
| a |
Место издания |
Вологда |
| b |
Издательство |
Инфра-Инженерия |
| c |
Дата издания |
2024 |
| 300 |
Физическое описание |
__ |
| a |
Объем |
240 с. |
| 520 |
Аннотация |
__ |
| a |
Аннотация |
Рассматривается полный комплекс аспектов современной архитектуры во взаимосвязи с архитектурным дизайном и градостроительством. Раскрываются роль конструктива в формировании архитектурного формообразования и понятие категорий «красота» и «грамотность» конструктивной схемы объекта капитального строительства. Отражены архитектурные решения жилых зданий в зависимости от их этажности используемых строительных материалов принятой объемно-планировочной структуры градостроительной ситуации локаций объектов капитального строительства и т. д. Анализируется архитектура общественных зданий различных функционально-типологических классов в разных градостроительных ситуациях. Даны обобщенные сведения об объемно-композиционно-планировочной структуре объектов капитального строительства. Представлены различные аспекты функционирования объектов культурного наследия разных административно-территориальных уровней. Для студентов обучающихся по направлению подготовки 07.04.01 «Архитектура» а также для широкого круга специалистов в области художественного оформления среды обитания людей и лиц стремящихся получить технические художественные и гуманитарные сведения о мире архитектуры. |
| 521 |
Примеч. о цел. назн. |
__ |
| a |
Примеч. о целев. назн. |
Профессиональное образование |
| 650 |
Тематические рубрики |
__ |
| a |
Основная рубрика |
Архитектура. Искусство |
| x |
Основная подрубрика |
Теория и история архитектуры |
| 655 |
Указ. предметных рубрик (устаревшее) |
__ |
| a |
Жанр/ форма (устаревшее) |
Учебное пособие |
| 856 |
Электронный адрес документа |
4_ |
| a |
Имя сервера/домена |
znanium.ru |
| m |
Помощь |
ebs_support@infra-m.ru |
| n |
Местонахождение сервера |
НИЦ ИНФРА-М |
| u |
URL |
https://znanium.ru/catalog/document?id=452546 |
| 856 |
Электронный адрес документа |
48 |
| a |
Имя сервера/домена |
znanium.ru |
| d |
Путь |
/cover/2171 |
| f |
Электронное имя |
2171012.jpg |
| q |
Тип электронного формата |
image/jpeg |
| u |
URL |
https://znanium.ru/cover/2171/2171012.jpg |
| 911 |
|
__ |
| u |
|
0030=https://znanium.ru/catalog/document?id=452546 |